00876nam a2200217 i 450000100060000000300090000600500170001500700030003200800410003510000400007624501120011626000470022830000290027549000570030465100440036171000310040583000650043685200200050199900170052195201200053819536ES-MaACL20230906152122.0t|021002s1952 sp ||||1| cat d1 aAbadal, Ramon d',d1888-197091794510aCatalunya carolingia. n, . V.2, pEls diplomes carolingis a Catalunya / cpor Ramon d'Abadal i de Vinyals. aBarcelona : bInstitució Patxot, c1952. a2 v. : bmap. ; c28 cm.1 aMemories de la secció histáorico-arqueoláogica 4aCataluña-xHistoria-yS.V-XV.91574952 aInstitució Patxot.947080 aMemories de la secció histáorico-arqueoláogica9226564 aES-MaACLjP-923 c19536d19536 00104070aATENEOMbATENEOMcDEPO2d2008-01-17eSCl0oP-923p1019989r2023-02-23 00:00:00w2023-02-23yMONOGRAFIA